000 00707nam a22002057a 4500
999 _c15379
_d15379
003 AR-CdUCM
008 190425b ||||| |||| 00| 0 spa d
020 _a978-84-7864-025-6
040 _aMUNICIPALIDAD PROVINCIAL DEL CUSCO
_cBIBLIOTECA MUNICIPAL DEL CUSCO
082 _aPI / 376.1 /
_bC73
_23ed.
110 _aCombel.
_932671
245 _aRonda de pegatinas /
260 _aBarcelona :
_bCombel,
_c2007.
300 _bIlustraciones
_c28 cm.
500 _aTitulo original : Ronde d"autocollants. Pegar, pintar y aprender con pegatinas de fotos superdivertidas.
650 _aAprendiendo a pegar.
_934432
650 _aAprendiendo a pintar.
_934433
942 _2ddc
_cLIBROS
945 _arum
_d2019-04-26